Imagen 1 Imagen 2 Imagen 3 Imagen 4 Imagen 5 Imagen 6

Hermenéutica literario-jurídica : (Registro nro. 53627)

Detalles MARC
000 -LEADER
campo de control de longitud fija 00700nam a22002057a 4500
003 - IDENTIFICADOR DE NÚMERO DE CONTROL
campo de control peliumch
005 - FECHA Y HORA DE LA ÚLTIMA TRANSACCIÓN
campo de control 20260219125227.0
008 - DATOS DE LONGITUD FIJA--INFORMACIÓN GENERAL
campo de control de longitud fija 260219b |||||||| |||| 00| 0 spa d
020 ## - NÚMERO INTERNACIONAL ESTÁNDAR DEL LIBRO
Número Internacional Estándar del Libro 9786123310769
040 ## - FUENTE DE CATALOGACIÓN
Lengua de catalogación spa
Centro/agencia transcriptor umch
Centro/agencia modificador jcz
Normas de descripción rda
082 ## - NÚMERO DE LA CLASIFICACIÓN DECIMAL DEWEY
Número de clasificación 340.01/R626
100 ## - ENTRADA PRINCIPAL--NOMBRE DE PERSONA
Nombre de persona Rodríguez Chávez, Iván
Término indicativo de función/relación autor
245 ## - MENCIÓN DEL TÍTULO
Título Hermenéutica literario-jurídica :
Resto del título ejercicios.
Mención de responsabilidad, etc. Iván Rodríguez Chávez
260 ## - PUBLICACIÓN, DISTRIBUCIÓN, ETC.
Lugar de publicación, distribución, etc. Lima:
Nombre del editor, distribuidor, etc. Fondo Editorial de la Universidad Ricardo Palma,
Fecha de publicación, distribución, etc. 2023
300 ## - DESCRIPCIÓN FÍSICA
Extensión 300 p.
Dimensiones 24 cm.
504 ## - NOTA DE BIBLIOGRAFÍA, ETC.
Nota de bibliografía, etc. Incluye referencias bibliográficas.
650 ## - PUNTO DE ACCESO ADICIONAL DE MATERIA--TÉRMINO DE MATERIA
Término de materia o nombre geográfico como elemento de entrada Derecho y literatura.
Subdivisión general Hermenéutica jurídica.
650 ## - PUNTO DE ACCESO ADICIONAL DE MATERIA--TÉRMINO DE MATERIA
Término de materia o nombre geográfico como elemento de entrada Interpretación de textos literarios.
942 ## - ELEMENTOS DE ENTRADA SECUNDARIOS (KOHA)
Fuente del sistema de clasificación o colocación Clasificación Decimal Dewey
Tipo de ítem Koha Libros
Suprimir en OPAC No
Existencias
Estatus retirado Estado de pérdida Fuente del sistema de clasificación o colocación Estado de daño No para préstamo Biblioteca de origen Biblioteca actual Fecha de adquisición Total checkouts Signatura topográfica completa Código de barras Visto por última vez Copia número Precio de reemplazo Tipo de ítem Koha
    Clasificación Decimal Dewey     Biblioteca Central Biblioteca Central 19/02/2026   340.01/R626 035825 19/02/2026 1 19/02/2026 Libros

Horarios de atención

De Lunes a Viernes de 8:00 a.m. -7:00 p.m.
Sábados de 8:00 a.m. - 5:00 p.m.



Email:
 biblioteca@umch.edu.pe

Teléfono: (01) 4490449 anexo 400 y 401
WhatsApp: +51 946 208 593